De la autonomía progresiva a la bancarización bursátil de la adolescencia / (Registro nro. 6265)
[ vista simple ]
| 000 -LEADER | |
|---|---|
| fixed length control field | 01010nab a22002177a 4500 |
| 003 - CONTROL NUMBER IDENTIFIER | |
| control field | OSt |
| 005 - DATE AND TIME OF LATEST TRANSACTION | |
| control field | 20260128020304.0 |
| 008 - FIXED-LENGTH DATA ELEMENTS--GENERAL INFORMATION | |
| fixed length control field | 190514b xxu||||| |||| 00| 0 spa d |
| 040 ## - CATALOGING SOURCE | |
| Transcribing agency | PJ |
| 100 ## - MAIN ENTRY--PERSONAL NAME | |
| 9 (RLIN) | 4335 |
| Personal name | Llugdar, Hugo Andrés |
| 245 10 - TITLE STATEMENT | |
| Title | De la autonomía progresiva a la bancarización bursátil de la adolescencia / |
| Statement of responsibility, etc | Hugo A. Llugdar. |
| 300 ## - PHYSICAL DESCRIPTION | |
| Extent | p. 170-178 |
| 500 ## - GENERAL NOTE | |
| General note | Cita: TR LALEY AR/DOC/2509/2025. |
| 505 ## - FORMATTED CONTENTS NOTE | |
| Formatted contents note | Sumario: I. Introducción.— II. Capacidad jurídica de ejercicio de los adolescentes.— III. La autonomía progresiva y los derechos patrimoniales.— IV. Los niños al mundo financiero.— V. ¿Y el Cód. Civ. y Com.?— VI. Corolario. |
| 505 ## - FORMATTED CONTENTS NOTE | |
| Title | Si te interesa el texto, comunicate a koha@justierradelfuego.gov.ar |
| 650 #0 - SUBJECT ADDED ENTRY--TOPICAL TERM | |
| 9 (RLIN) | 967 |
| Topical term or geographic name as entry element | DERECHO DE FAMILIA |
| 650 #0 - SUBJECT ADDED ENTRY--TOPICAL TERM | |
| 9 (RLIN) | 4691 |
| Topical term or geographic name as entry element | AUTONOMÍA PROGRESIVA |
| 650 #0 - SUBJECT ADDED ENTRY--TOPICAL TERM | |
| 9 (RLIN) | 5662 |
| Topical term or geographic name as entry element | ADOLESCENTES |
| 773 0# - HOST ITEM ENTRY | |
| Host Biblionumber | 2844 |
| Host Itemnumber | 3222 |
| Place, publisher, and date of publication | Buenos Aires : AbeledoPerrot, 1989- |
| Title | Derecho de familia. N° 122 - Noviembre 2025 |
| International Standard Book Number | 18511201 |
| 942 ## - ADDED ENTRY ELEMENTS (KOHA) | |
| Source of classification or shelving scheme | |
| Koha item type | Analítica Artículo de Revista |
No hay ítems disponibles.
